Logo BPK

Biblioteka

Politechniki Koszalińskiej

Finite elements : (Rekord nr 28726)

Szczegóły MARC
000 -ETYKIETA REKORDU
podpole kontrolne o stałej długości 00729nam a2200205 i 4500
001 - NUMER KONTROLNY REKORDU
pole kontrolne bg
040 ## - ŹRÓDŁO KATALOGOWANIA
Instytucja, która utworzyła rekord BPK
041 ## - KOD JĘZYKA
Kod języka tekstu pol
080 ## - UNIWERSALNA KLASYFIKACJA DZIESIĘTNA - UKD
UKD 624:621:539.3/.6:519.6
008 - POLE O STAŁEJ DŁUGOŚCI - DANE KONTROLNE
podpole kontrolne o stałej długości s pl f |000 0 pol
245 #0 - TYTUŁ/ODPOWIEDZIALNOŚĆ
Tytuł Finite elements :
Ciąg dalszy tytułu theory and applikation : proceedings of the ICASE Finite Element Theory and Application Workshop Held July 28-30, 1986 in Hampton, Virginia /
Pozostałe elementy strefy tytułu i oznaczenia odpowiedzialności editors D. L. Dwoyer, M. Y. Hussaini, R. G. Voigt.
260 ## - STREFA ADRESU WYDAWNICZEGO
Miejsce wydania New York [i in.] :
Nazwa wydawcy/dystrybutora Springer-Verl.,
Data publikacji, dystrybucji/powstania dokumentu 1988.
300 ## - STREFA OPISU FIZYCZNEGO
Objętość X, 302 s. :
Inne cechy fizyczne rys., wykr. ;
Rozmiary 24 cm.
490 1# - STREFA SERII I DOKUMENTU WIELOCZĘŚCIOWEGO - FORMA NIE DO WYSZUKIWANIA
Tytuł i oznaczenie odpowiedzialności serii ICASE/NASA LaRC Series
700 1# - HASŁO DODATKOWE - NAZWA OSOBOWA
Nazwa osobowa DWOYER, D. L.
700 1# - HASŁO DODATKOWE - NAZWA OSOBOWA
Nazwa osobowa HUSSAINI, M. Y.
700 1# - HASŁO DODATKOWE - NAZWA OSOBOWA
Nazwa osobowa VOIGT, R. G.
830 ## - HASŁO DODATKOWE SERII LUB DOKUMENTU WIELOCZĘŚCIOWEGO - TYTUŁ UJEDNOLICONY
Tytuł ujednolicony ICASE/NASA LaRC Series
856 ## - LOKALIZACJA I DOSTĘP DO ELEKTRONICZNYCH DOKUMENTÓW ZDALNYCH
Link (URL) http://koha.tu.koszalin.pl/cgi-bin/koha/opac-detail.pl?biblionumber=28726
Tekst linku Katalog online BPK
942 ## - DODATKOWE ELEMENTY (KOHA)
Typ dokumentu Książka
Egzemplarze
Wycofany Status egzemplarza Uszkodzony Dostępność Lokalizacja stała Lokalizacja bieżąca Miejsce przechowywania Sygnatura Kod kreskowy Typ dokumentu
      Dostępny Biblioteka Politechniki Koszalińskiej Biblioteka Politechniki Koszalińskiej Wypożyczalnia BG 34619 01164961 Książka
© 2023 Biblioteka Politechniki Koszalińskiej :: KOHA